[Event "Klatovy op-C 29th"]
[Site "Klatovy"]
[Date "2023.07.09"]
[Round "9"]
[White "Fiser, Jiri1"]
[Black "Korsa, Jindrich"]
[Result "0-1"]
[WhiteElo "1784"]
[BlackElo "1997"]
[PlyCount "116"]
[EventDate "2023.07.01"]
[EventType "swiss"]
[EventRounds "9"]
[EventCountry "CZE"]
[SourceTitle "CBM 215 Extra"]
[Source "ChessBase"]
[SourceDate "2023.09.30"]
[SourceVersion "1"]
[SourceVersionDate "2023.09.30"]
[SourceQuality "1"]

1. e4 d5 2. exd5 Qxd5 3. Nc3 Qa5 4. d4 c6 5. Bc4 Nf6 6. Nge2 Bf5 7. 0-0 e6 8. Ng3 Bd6 9. Bd2 Qc7 10. Nxf5 exf5 11. Re1+ Kf8 12. h3 Nbd7 13. Qf3 f4 14. Ne4 Nxe4 15. Qxe4 Nf6 16. Qf5 Qd7 17. Qxd7 Nxd7 18. Re2 g5 19. Rae1 h5 20. f3 b5 21. Bd3 Nf6 22. Bf5 Rg8 23. c3 Rd8 24. b4 Nd5 25. Kf2 Kg7 26. Be4 Ne7 27. a4 a6 28. Bc2 Kf6 29. a5 Rd7 30. Bb1 Rgd8 31. Rd1 Bc7 32. Bc2 Nf5 33. Bxf5 Kxf5 34. Rde1 Kf6 35. Re8 Bd6 36. Rxd8 Rxd8 37. Bc1 Kg7 38. Re4 f6 39. Re1 Kf7 40. Re4 f5 41. Re1 Rg8 42. Re2 Rg6 43. Bd2 g4 44. hxg4 fxg4 45. Re4 Re6 46. Rxe6 Kxe6 47. fxg4 hxg4 48. Ke2 Kf5 49. Kd3 f3 50. gxf3 gxf3 51. Be1 Bh2 52. Ke3 Kg4 53. d5 cxd5 54. Kd4 Bg3 55. Bxg3 Kxg3 56. Kc5 f2 57. Kb6 f1Q 58. Kxa6 Qc4 0-1

[Event "Klatovy op-C 29th"]
[Site "Klatovy"]
[Date "2023.07.05"]
[Round "5"]
[White "Novotny, Jaroslav2"]
[Black "Korsa, Jindrich"]
[Result "1-0"]
[WhiteElo "1890"]
[BlackElo "1997"]
[PlyCount "119"]
[EventDate "2023.07.01"]
[EventType "swiss"]
[EventRounds "9"]
[EventCountry "CZE"]
[SourceTitle "CBM 215 Extra"]
[Source "ChessBase"]
[SourceDate "2023.09.30"]
[SourceVersion "1"]
[SourceVersionDate "2023.09.30"]
[SourceQuality "1"]

1. e4 d5 2. exd5 Qxd5 3. Nc3 Qd8 4. Nf3 Nf6 5. Bc4 Bf5 6. d3 e6 7. h3 Nbd7 8. a3 c6 9. Qe2 Be7 10. Nh4 Bg6 11. Nxg6 hxg6 12. Bf4 Nb6 13. Ba2 Nbd5 14. Nxd5 cxd5 15. 0-0 0-0 16. d4 Bd6 17. Bxd6 Qxd6 18. c3 Qf4 19. Rae1 Ne4 20. Rd1 Rac8 21. Bb1 Nd6 22. Bd3 Rc7 23. Rfe1 Rb8 24. Qe5 Qxe5 25. dxe5 Nc4 26. Bxc4 Rxc4 27. f3 Kf8 28. Kf2 Ke7 29. Rd3 Rbc8 30. Red1 Kd7 31. Rd4 b5 32. Ke3 Kc6 33. Rxc4+ bxc4 34. Kd2 Rh8 35. Kc2 Rh5 36. Re1 Kc5 37. Kd2 Rh4 38. Re2 a5 39. Kc2 a4 40. Kd2 Rh5 41. Kc2 Rf5 42. Kd2 d4 43. cxd4+ Kxd4 44. Re4+ Kd5 45. Kc3 g5 46. Rd4+ Kxe5 47. Rxc4 Kf6 48. Rxa4 Re5 49. Rd4 Re2 50. Rd2 Re1 51. b4 Re3+ 52. Kb2 Ke5 53. a4 Kf4 54. b5 Re5 55. Kb3 Ke3 56. Rc2 Kd3 57. Rc7 Re2 58. Rc3+ Kd4 59. Rc2 Re1 60. Kb4 1-0

[Event "Klatovy op-C 29th"]
[Site "Klatovy"]
[Date "2023.07.03"]
[Round "3"]
[White "Korsa, Jindrich"]
[Black "Petras, Milan"]
[Result "1/2-1/2"]
[WhiteElo "1997"]
[BlackElo "1866"]
[PlyCount "69"]
[EventDate "2023.07.01"]
[EventType "swiss"]
[EventRounds "9"]
[EventCountry "CZE"]
[SourceTitle "CBM 215 Extra"]
[Source "ChessBase"]
[SourceDate "2023.09.30"]
[SourceVersion "1"]
[SourceVersionDate "2023.09.30"]
[SourceQuality "1"]

1. e4 e6 2. d4 d5 3. exd5 exd5 4. Nf3 Bd6 5. Bd3 Ne7 6. 0-0 0-0 7. Nbd2 Bf5 8. Bxf5 Nxf5 9. c4 c6 10. Qb3 b6 11. Rd1 Bc7 12. Nf1 dxc4 13. Qxc4 Qd5 14. Qxd5 cxd5 15. g4 Ne7 16. Bd2 Nbc6 17. Ne3 Rac8 18. Rac1 Bf4 19. Rc3 Bxe3 20. fxe3 f5 21. g5 Kf7 22. Rdc1 Ke6 23. Kf2 Kd7 24. h4 g6 25. b4 a6 26. a4 Ke6 27. Kg3 Na7 28. Rc7 Nac6 29. Rb7 Rb8 30. Rxb8 Rxb8 31. Ne1 Nd8 32. Nd3 Nb7 33. Ne5 Nd6 34. Kf4 Rc8 35. Rxc8 1/2-1/2

[Event "CZE-chT2B 2122"]
[Site "Czech Republic"]
[Date "2022.04.03"]
[Round "11.5"]
[White "Korsa, Jindrich"]
[Black "Hozda, Max"]
[Result "1/2-1/2"]
[WhiteElo "2072"]
[BlackElo "1864"]
[PlyCount "65"]
[EventDate "2021.10.17"]
[EventType "team-tourn"]
[EventRounds "11"]
[EventCountry "CZE"]
[SourceTitle "EXT 2025"]
[Source "ChessBase"]
[SourceDate "2024.10.14"]
[SourceVersion "1"]
[SourceVersionDate "2024.10.14"]
[SourceQuality "1"]
[WhiteTeam "Podborany"]
[BlackTeam "Praha Dukla"]
[WhiteTeamCountry "CZE"]
[BlackTeamCountry "CZE"]

1. e4 c6 2. Nc3 d5 3. Nf3 Bg4 4. h3 Bxf3 5. gxf3 e6 6. d3 Nf6 7. Bd2 c5 8. f4 Nc6 9. Bg2 Be7 10. 0-0 0-0 11. e5 Nd7 12. Qg4 Nd4 13. Rac1 Kh8 14. Rfe1 g6 15. Qd1 Rb8 16. Ne2 Nxe2+ 17. Rxe2 b5 18. b3 b4 19. c4 bxc3 20. Bxc3 Qb6 21. Rec2 Rfc8 22. Qg4 Rc7 23. Qe2 Kg8 24. Qd2 Rc6 25. Bf1 Rbc8 26. Bb2 Bf8 27. Kg2 Nb8 28. Kf3 Na6 29. Ba3 Nb4 30. Bxb4 cxb4 31. Rxc6 Rxc6 32. Rxc6 Qxc6 33. d4 1/2-1/2

[Event "CZE-chT2B 2122"]
[Site "Czech Republic"]
[Date "2022.01.30"]
[Round "7.5"]
[White "Korsa, Jindrich"]
[Black "Misicko, Jan"]
[Result "0-1"]
[WhiteElo "2072"]
[BlackElo "2045"]
[PlyCount "40"]
[EventDate "2021.10.17"]
[EventType "team-tourn"]
[EventRounds "11"]
[EventCountry "CZE"]
[SourceTitle "EXT 2025"]
[Source "ChessBase"]
[SourceDate "2024.10.14"]
[SourceVersion "1"]
[SourceVersionDate "2024.10.14"]
[SourceQuality "1"]
[WhiteTeam "Podborany"]
[BlackTeam "Kladno"]
[WhiteTeamCountry "CZE"]
[BlackTeamCountry "CZE"]

1. e4 c5 2. Nc3 e6 3. g4 d5 4. d3 dxe4 5. Nxe4 Nf6 6. Bg5 Be7 7. Bg2 Nxe4 8. Bxe7 Qa5+ 9. Kf1 Nxf2 10. Kxf2 Kxe7 11. Nf3 Nc6 12. Ng5 c4 13. Ne4 Rd8 14. Qf3 cxd3 15. Rhf1 Ne5 16. Qg3 Qb6+ 17. Ke1 Qxb2 18. Qh4+ f6 19. Kf2 Qd4+ 20. Kg3 Qe3+ 0-1

[Event "CZE-chT2B 1819"]
[Site "Czech Republic"]
[Date "2019.03.17"]
[Round "10.8"]
[White "Korsa, Jindrich"]
[Black "Benes, Petr1"]
[Result "0-1"]
[WhiteElo "2069"]
[BlackElo "2069"]
[PlyCount "82"]
[EventDate "2018.10.14"]
[EventType "team-tourn"]
[EventRounds "11"]
[EventCountry "CZE"]
[SourceTitle "EXT 2022"]
[Source "ChessBase"]
[SourceDate "2021.10.06"]
[SourceVersion "1"]
[SourceVersionDate "2021.10.06"]
[SourceQuality "1"]
[WhiteTeam "Podborany"]
[BlackTeam "Praha Dopravni podnik II"]
[WhiteTeamCountry "CZE"]
[BlackTeamCountry "CZE"]

1. e4 Nc6 2. d3 g6 3. Nf3 Bg7 4. c3 d6 5. Be2 Nf6 6. Nbd2 0-0 7. Qc2 e5 8. Nf1 h6 9. Ng3 Be6 10. h3 d5 11. 0-0 Qd7 12. Re1 Rfd8 13. b3 Ne8 14. Bb2 d4 15. Rac1 a5 16. a3 a4 17. b4 Bb3 18. Qb1 dxc3 19. Rxc3 Nd6 20. Rc5 Qe7 21. Rec1 Rd7 22. Qa1 Re8 23. Nf1 f5 24. N3d2 Bf7 25. Ne3 Nd4 26. Bd1 c6 27. Nec4 Nxc4 28. Nxc4 Qd8 29. Ne3 f4 30. Nf1 h5 31. Bxa4 Ne2+ 32. Kh2 Nxc1 33. Qxc1 Rxd3 34. Bc2 Rd7 35. Bc3 Qh4 36. f3 Qf2 37. Ra5 g5 38. Nd2 Red8 39. Nf1 Re8 40. Nd2 g4 41. fxg4 Qg3+ 0-1

[Event "CZE-chT2B 1819"]
[Site "Czech Republic"]
[Date "2019.02.24"]
[Round "9.7"]
[White "Janda, Jiri"]
[Black "Korsa, Jindrich"]
[Result "1/2-1/2"]
[WhiteElo "2106"]
[BlackElo "2069"]
[PlyCount "58"]
[EventDate "2018.10.14"]
[EventType "team-tourn"]
[EventRounds "11"]
[EventCountry "CZE"]
[SourceTitle "EXT 2022"]
[Source "ChessBase"]
[SourceDate "2021.10.06"]
[SourceVersion "1"]
[SourceVersionDate "2021.10.06"]
[SourceQuality "1"]
[WhiteTeam "Kobylisy"]
[BlackTeam "Podborany"]
[WhiteTeamCountry "CZE"]
[BlackTeamCountry "CZE"]

1. e4 d6 2. d4 Nf6 3. Nc3 Nbd7 4. Nf3 e5 5. Bc4 Be7 6. 0-0 h6 7. Re1 c6 8. a4 Qc7 9. a5 g5 10. dxe5 dxe5 11. Be3 Nf8 12. Nd2 Ng6 13. Qe2 Nf4 14. Bxf4 gxf4 15. Nb3 Rg8 16. Kh1 Bg4 17. f3 Bd7 18. Na4 Nh5 19. Nbc5 Bc8 20. b4 Bh4 21. Red1 Qe7 22. Qd2 Bg3 23. h3 Qh4 24. Nd7 Bf2 25. Nf6+ Qxf6 26. Qxf2 Rg3 27. Bf1 Rg6 28. Bc4 Rg3 29. Bf1 Rg6 1/2-1/2

[Event "CZE-chT2B 1819"]
[Site "Czech Republic"]
[Date "2018.12.02"]
[Round "4.8"]
[White "Koblasa, Josef"]
[Black "Korsa, Jindrich"]
[Result "1/2-1/2"]
[WhiteElo "1880"]
[BlackElo "2069"]
[PlyCount "167"]
[EventDate "2018.10.14"]
[EventType "team-tourn"]
[EventRounds "11"]
[EventCountry "CZE"]
[SourceTitle "EXT 2022"]
[Source "ChessBase"]
[SourceDate "2021.10.06"]
[SourceVersion "1"]
[SourceVersionDate "2021.10.06"]
[SourceQuality "1"]
[WhiteTeam "Udlice"]
[BlackTeam "Podborany"]
[WhiteTeamCountry "CZE"]
[BlackTeamCountry "CZE"]

1. c4 e5 2. Nc3 Nc6 3. g3 g5 4. e4 d6 5. d3 Bg7 6. Bg2 h6 7. Nge2 Nge7 8. 0-0 Ng6 9. Nd5 0-0 10. Nec3 Nd4 11. b4 Be6 12. b5 Qd7 13. Ne3 a6 14. bxa6 Rxa6 15. Rb1 c6 16. Nc2 Rb8 17. a4 f5 18. exf5 Nxf5 19. Nb4 Raa8 20. Ne4 Rf8 21. c5 d5 22. Nd2 Qe7 23. Ba3 Rf7 24. Nb3 Rxa4 25. Ra1 Ra8 26. Bb2 Rff8 27. Qc2 Qd7 28. Rxa8 Rxa8 29. Ra1 Qd8 30. Qb1 Bf8 31. d4 e4 32. Rxa8 Qxa8 33. Qa1 Qxa1+ 34. Bxa1 Kf7 35. Bc3 Ke8 36. Nc2 Nfe7 37. Na5 Bc8 38. Ne3 Kd8 39. Nb3 Be6 40. Ba5+ Kc8 41. Bf1 Ng8 42. Be2 Nf6 43. Kg2 Be7 44. Bd1 Bd8 45. Bb4 Nf8 46. Be2 N8d7 47. Kf1 Kb8 48. Ke1 Be7 49. Ba5 b6 50. cxb6 Kb7 51. Kd2 Nxb6 52. Nc5+ Bxc5 53. dxc5 Nbd7 54. Bc3 Kc7 55. Bd4 Kd8 56. Ba6 Ng4 57. Nxg4 Bxg4 58. Ke3 Kc7 59. Bf1 Bf5 60. Be2 Nf8 61. Be5+ Kd7 62. Bd6 Ne6 63. Bd1 d4+ 64. Kd2 g4 65. Bb3 Ng5 66. Bd1 e3+ 67. fxe3 Ne4+ 68. Ke1 Nxd6 69. cxd6 d3 70. Kd2 Kxd6 71. e4 Bxe4 72. Bxg4 Ke5 73. Kc3 c5 74. Kc4 Bg6 75. Bf3 d2 76. Kc3 Be4 77. Be2 Bc6 78. Kxd2 Kd4 79. g4 Ke4 80. h4 Be8 81. g5 h5 82. Bd3+ Kf4 83. g6 Bxg6 84. Bxg6 1/2-1/2

[Event "CZE-chT2A 1516"]
[Site "Czech Republic"]
[Date "2015.11.08"]
[Round "2.3"]
[White "Korsa, Jindrich"]
[Black "Petrova, Kristyna"]
[Result "0-1"]
[WhiteElo "2106"]
[BlackElo "2313"]
[PlyCount "66"]
[EventDate "2015.10.18"]
[EventType "team-tourn"]
[EventRounds "11"]
[EventCountry "CZE"]
[SourceTitle "EXT 2022"]
[Source "ChessBase"]
[SourceDate "2021.10.06"]
[SourceVersion "1"]
[SourceVersionDate "2021.10.06"]
[SourceQuality "1"]
[WhiteTeam "Podborany"]
[BlackTeam "Unichess III"]
[WhiteTeamCountry "CZE"]
[BlackTeamCountry "CZE"]

1. e4 c5 2. Nc3 Nc6 3. g4 e6 4. Bg2 Nge7 5. d3 d5 6. Bd2 d4 7. Nce2 e5 8. h3 Ng6 9. Nf3 Be6 10. b3 Bd6 11. Qc1 Bc7 12. Ng3 Ba5 13. Nh5 0-0 14. 0-0 Bxd2 15. Qxd2 Nh4 16. Ng3 Nxf3+ 17. Bxf3 Ne7 18. Bg2 Ng6 19. Nh5 Qc7 20. a4 f6 21. f4 exf4 22. Nxf4 Nxf4 23. Qxf4 Qe5 24. Kh2 h6 25. Rf2 Rab8 26. Bf1 Bd7 27. Be2 Rbe8 28. Qxe5 Rxe5 29. Kg3 Kf7 30. Rff1 Ke7 31. Bf3 Kd6 32. Ra2 Bc6 33. Bg2 Kc7 0-1

[Event "Ricany op"]
[Site "Ricany"]
[Date "2015.08.23"]
[Round "2"]
[White "Vorisek, Jakub"]
[Black "Korsa, Jindrich"]
[Result "0-1"]
[WhiteElo "1692"]
[BlackElo "2138"]
[PlyCount "58"]
[EventDate "2015.08.22"]
[EventType "swiss"]
[EventRounds "9"]
[EventCountry "CZE"]
[SourceTitle "EXT 2023"]
[Source "ChessBase"]
[SourceDate "2022.10.05"]
[SourceVersion "1"]
[SourceVersionDate "2022.10.05"]
[SourceQuality "1"]

1. c4 e5 2. Nc3 Nc6 3. g3 g5 4. Bg2 Bg7 5. e3 d6 6. Nge2 Nge7 7. d4 Ng6 8. 0-0 0-0 9. f4 gxf4 10. gxf4 f5 11. dxe5 dxe5 12. Bxc6 bxc6 13. Qxd8 Rxd8 14. e4 exf4 15. Bxf4 Nxf4 16. Rxf4 Be5 17. Rh4 Rd2 18. Rd1 Rxd1+ 19. Nxd1 Bf6 20. Rf4 Be5 21. Rh4 Bd7 22. exf5 Re8 23. Kf2 Bxf5 24. b3 Kg7 25. Ne3 Bg6 26. Ng4 Bd6 27. Nc3 Bc5+ 28. Kf3 h5 29. Nf2 Re3+ 0-1

[Event "Prague Golden op 11th"]
[Site "Prague"]
[Date "2015.06.22"]
[Round "2"]
[White "Netusil, Miloslav"]
[Black "Korsa, Jindrich"]
[Result "1-0"]
[WhiteElo "2304"]
[BlackElo "2154"]
[PlyCount "41"]
[EventDate "2015.06.21"]
[EventType "swiss"]
[EventRounds "9"]
[EventCountry "CZE"]
[SourceTitle "CBM 167 Extra"]
[Source "ChessBase"]
[SourceDate "2015.09.14"]
[SourceVersion "1"]
[SourceVersionDate "2015.09.14"]
[SourceQuality "1"]

1. d4 Nf6 2. Nc3 d5 3. Bf4 e6 4. Nf3 a6 5. e3 Nbd7 6. h3 b5 7. Ne5 Bb7 8. Ne2 Nb6 9. Ng3 c5 10. c3 c4 11. Nh5 Na4 12. Bg5 h6 13. Bh4 g5 14. Qf3 Be7 15. Bg3 Nxb2 16. Be2 Na4 17. Rc1 Nxc3 18. Rxc3 Qa5 19. 0-0 Qxc3 20. Nxf6+ Bxf6 21. Qxf6 1-0

[Event "CZE-chT2C 1415"]
[Site "Czech Republic"]
[Date "2015.02.22"]
[Round "8.2"]
[White "Vojta, Tomas"]
[Black "Korsa, Jindrich"]
[Result "0-1"]
[WhiteElo "2381"]
[BlackElo "2155"]
[PlyCount "96"]
[EventDate "2014.11.02"]
[EventType "team-tourn"]
[EventRounds "11"]
[EventCountry "CZE"]
[SourceTitle "EXT 2022"]
[Source "ChessBase"]
[SourceDate "2021.10.06"]
[SourceVersion "1"]
[SourceVersionDate "2021.10.06"]
[SourceQuality "1"]
[WhiteTeam "Dolni Kralovice"]
[BlackTeam "Praha Bohemians II"]
[WhiteTeamCountry "CZE"]
[BlackTeamCountry "CZE"]

1. e4 e5 2. Nc3 Nc6 3. f4 exf4 4. Nf3 g5 5. d4 Bg7 6. d5 Ne5 7. h4 h6 8. d6 c6 9. Nd4 Nf6 10. Nf5 Kf8 11. g3 Qa5 12. Bg2 fxg3 13. hxg5 hxg5 14. Rxh8+ Bxh8 15. Bxg5 Qb6 16. Qd4 Qxd4 17. Nxd4 b6 18. 0-0-0 Ba6 19. Nf5 Nfg4 20. Nxg3 f6 21. Bf4 Kf7 22. Nf5 Bg7 23. Rg1 Ng6 24. Bd2 Rh8 25. Nd1 Bf8 26. b3 Rh2 27. Nde3 Nxe3 28. Bxe3 Nh4 29. Nxh4 Rxh4 30. Bf2 Rh8 31. Bg3 Ke6 32. Rd1 Be2 33. Re1 Bg4 34. e5 Bh6+ 35. Kb1 Bd2 36. Re4 f5 37. Rd4 Be3 38. Ra4 b5 39. Ra6 f4 40. Bxf4 Bxf4 41. a4 Bxe5 42. axb5 cxb5 43. c4 bxc4 44. bxc4 Bf5+ 45. Kc1 Bd4 46. Ra5 Rh2 47. Bf3 Be3+ 48. Kd1 Bc2+ 0-1

[Event "CZE-chT2C 1415"]
[Site "Czech Republic"]
[Date "2015.02.08"]
[Round "7.3"]
[White "Bednar, Marcel"]
[Black "Korsa, Jindrich"]
[Result "1-0"]
[WhiteElo "2296"]
[BlackElo "2155"]
[PlyCount "49"]
[EventDate "2014.11.02"]
[EventType "team-tourn"]
[EventRounds "11"]
[EventCountry "CZE"]
[SourceTitle "EXT 2022"]
[Source "ChessBase"]
[SourceDate "2021.10.06"]
[SourceVersion "1"]
[SourceVersionDate "2021.10.06"]
[SourceQuality "1"]
[WhiteTeam "Lysa nad Labem III"]
[BlackTeam "Praha Bohemians II"]
[WhiteTeamCountry "CZE"]
[BlackTeamCountry "CZE"]

1. d4 Nf6 2. c4 g6 3. Nc3 Bg7 4. e4 d6 5. Nf3 0-0 6. Be2 e5 7. 0-0 Nc6 8. d5 Ne7 9. Ne1 Ne8 10. Be3 f5 11. f3 f4 12. Bf2 g5 13. g4 fxg3 14. hxg3 Ng6 15. Be3 h5 16. Qd2 Bh6 17. Kg2 h4 18. Rh1 Kg7 19. Nd3 hxg3 20. Rxh6 Nh4+ 21. Rxh4 gxh4 22. Bh6+ Kg8 23. Bxf8 Kxf8 24. Qh6+ Ng7 25. Qh8+ 1-0

[Event "CZE-chT2C 1415"]
[Site "Czech Republic"]
[Date "2014.11.30"]
[Round "3.4"]
[White "Brezmen, Pavel"]
[Black "Korsa, Jindrich"]
[Result "1/2-1/2"]
[WhiteElo "2095"]
[BlackElo "2155"]
[PlyCount "33"]
[EventDate "2014.11.02"]
[EventType "team-tourn"]
[EventRounds "11"]
[EventCountry "CZE"]
[SourceTitle "EXT 2022"]
[Source "ChessBase"]
[SourceDate "2021.10.06"]
[SourceVersion "1"]
[SourceVersionDate "2021.10.06"]
[SourceQuality "1"]
[WhiteTeam "Kolin"]
[BlackTeam "Praha Bohemians II"]
[WhiteTeamCountry "CZE"]
[BlackTeamCountry "CZE"]

1. e4 e5 2. Nc3 Nc6 3. Bc4 Nf6 4. d3 Na5 5. Bb3 Nxb3 6. axb3 Bc5 7. Nf3 Qe7 8. 0-0 d6 9. Be3 0-0 10. Qd2 c6 11. Bxc5 dxc5 12. Qg5 Re8 13. Nd2 h6 14. Qh4 Be6 15. f4 exf4 16. Qxf4 b6 17. Ne2 1/2-1/2